000 00486nab a22001577 4500
003 ES-SlBCS
005 20220528204205.0
008 191118s2019 sp ||||| |||| 00| 0 spa d
040 _aES-SlBCS
_bspa
041 _aspa
100 1 _aWest, Gerald O
_9116811
245 1 4 _aUn (comienzo) queer de la Biblia
_cGerald O. West, Charlene van der Welt
700 1 _aWelt, Charlene Van Der
_9116812
773 0 _gNúm. 383, 2019, págs. 117-128
_tConcilium
_wRev134
_x0210-1041
942 _2lcc
_cAR
999 _c482313
_d482313